000 06605nam a22006257a 4500
005 20110627110348.0
010 _aENG-102655 B-447852-881
020 _c225.00
_a9788120341814
035 _aEN-86188 B-447852-881
037 _bDBAD / PUB
037 _bK.K.Pub/Ven
082 _a620.1
100 _aDas, Madan Mohan
_944915
245 _aBasic engineering mechanics and strength of materials /
_cby Madan Mohan Das, Mimi Das Saikia [and] Bhargab Mohan Das
260 _aNew Delhi
_bPHI Learning
_c2010
270 _aM-97, Connaught Circus
_bNew Delhi
_e110001
300 _ax,257p. :
_c24cm (pbk)
_bill.
500 _aIncludes index.
700 _928520
_aSaikia, Mimi Das
700 _aDas, Bhargab Mohan
_928797
710 _928535
942 _2ddc
_cEN
_mDAS
_h620.1
999 _c53216
_d53216